| 000 | 00523nam a22001932 4500 | ||
|---|---|---|---|
| 001 | 0000004703 | ||
| 005 | 20170406120030.0 | ||
| 008 | 141117s xx 000 0 eng d | ||
| 020 | _c$ | ||
| 040 |
_aYour Holding Symbol _cYour Holding Symbol |
||
| 100 | 1 | _aPollack Seymour. | |
| 245 | 1 | 2 | _aA Guide pl/i and structured programming. |
| 250 | _a3rd ed. | ||
| 260 |
_aNew york : _bHolt, _c1980. |
||
| 300 |
_a646 p. : _bill ; _c cm. |
||
| 504 | _aindex. | ||
| 650 | 0 | _aprogramming. | |
| 908 | _a141117 | ||
| 999 |
_c4517 _d4517 |
||